Stonewall jakson and the american civil war (Record no. 552960)
[ view plain ]
| 000 -LEADER | |
|---|---|
| fixed length control field | 00427nam a22001457a 4500 |
| 082 ## - DEWEY DECIMAL CLASSIFICATION NUMBER | |
| Classification number | 973.7 |
| Author Mark | HEN |
| 100 ## - MAIN ENTRY--PERSONAL NAME | |
| Personal name | Henderson, G.F.R. |
| 9 (RLIN) | 46591 |
| 245 ## - TITLE STATEMENT | |
| Title | Stonewall jakson and the american civil war |
| Statement of responsibility, etc. | G.F.R. Henderson |
| 260 ## - PUBLICATION, DISTRIBUTION, ETC. | |
| Place of publication, distribution, etc. | London |
| Name of publisher, distributor, etc. | Longmans, Green and Co |
| Date of publication, distribution, etc. | 1932 |
| 300 ## - PHYSICAL DESCRIPTION | |
| Extent | 528 p.: |
| 526 ## - STUDY PROGRAM INFORMATION NOTE | |
| Program name | 0 |
| Interest level | 0 |
| Reading level | 0 |
| Title point value | 973_700000000000000_HEN |
| 526 ## - STUDY PROGRAM INFORMATION NOTE | |
| Program name | 0 |
| Interest level | 0 |
| Reading level | 0 |
| Title point value | 973_700000000000000_HEN |
| 650 ## - SUBJECT ADDED ENTRY--TOPICAL TERM | |
| Topical term or geographic name entry element | MCE |
| 9 (RLIN) | 379 |
| 942 ## - ADDED ENTRY ELEMENTS (KOHA) | |
| Source of classification or shelving scheme | |
| Koha item type | Book |
| Withdrawn status | Lost status | Source of classification or shelving scheme | Damaged status | Not for loan | Permanent Location | Current Location | Shelving location | Date acquired | Total Checkouts | Full call number | Barcode | Date last seen | Price effective from | Koha item type |
|---|---|---|---|---|---|---|---|---|---|---|---|---|---|---|
| Military College of Engineering (MCE) | Military College of Engineering (MCE) | 01/27/2015 | 973.7 HEN | MCE-ECS/33.1 | 01/27/2015 | 01/27/2015 | Book | |||||||
| Military College of Engineering (MCE) | Military College of Engineering (MCE) | 01/27/2015 | 973.7 HEN | MCE-ECS/32 | 01/27/2015 | 01/27/2015 | Book |
